|
|
|
|
| LEADER |
01511nam a2200337 4500 |
| 001 |
DLU140165577 |
| 005 |
##20141112 |
| 040 |
# |
# |
|a DLU
|b vie
|
| 041 |
# |
# |
|a vie
|
| 044 |
# |
# |
|a vn
|
| 082 |
# |
# |
|a 959.704 3
|b PH-Q
|
| 100 |
# |
# |
|a Phan Minh Quốc.
|
| 245 |
# |
# |
|a Những trận đầu thắng Mỹ trên chiến trường Quảng Nam, Quảng Ngãi :
|b Luận văn Thạc sĩ Lịch sử Việt Nam /
|c Phan Minh Quốc; Lương Minh Cao hướng dẫn.
|
| 260 |
# |
# |
|a Đà Lạt :
|b Trường Đại học Đà lạt,
|c 2013.
|
| 300 |
# |
# |
|a 110 tr. :
|b minh hoạ ;
|c 29 cm.
|
| 504 |
# |
# |
|a Tài liệu tham khảo: tr.110.
|
| 505 |
# |
# |
|a Chương 1. Bối cảnh lịch sử và tình hình chiến trường giai đoạn 1961-1964 -- Chương 2. Những trận đầu thắng Mỹ trên chiến trường Quảng Nam - Quảng Ngãi -- Chương 3. Nguyên nhân và ý nghĩa quan trọng của những trận đầu thắng Mỹ trên chiến trường Quảng Nam-Quảng Ngãi.
|
| 650 |
# |
# |
|a Chiến tranh Việt Nam, 1961-1975.
|
| 651 |
# |
# |
|a Quảng Nam (Việt Nam)
|x Lịch sử.
|
| 651 |
# |
# |
|a Quảng Ngãi (Việt Nam)
|x Lịch sử.
|
| 700 |
# |
# |
|a Lương Minh Cao,
|c GS.
|e hướng dẫn.
|
| 915 |
# |
# |
|a Lịch sử Việt Nam
|c Thạc sĩ
|d Trường Đại học Đà lạt
|e Bộ Giáo dục và Đào tạo.
|
| 992 |
# |
# |
|a 0
|
| 994 |
# |
# |
|a DLU
|
| 900 |
# |
# |
|a True
|
| 911 |
# |
# |
|a Đào Thị Thu Huyền
|
| 925 |
# |
# |
|a G
|
| 926 |
# |
# |
|a A
|
| 927 |
# |
# |
|a LA
|
| 980 |
# |
# |
|a Thư viện Trường Đại học Đà Lạt
|